书目信息 |
| 题名: |
玩绘本,学英语
|
|
| 作者: | 刘娜 著 | |
| 分册: | ||
| 出版信息: | 厦门 鹭江出版社 2018.08 |
|
| 页数: | 303页 | |
| 开本: | 21cm | |
| 丛书名: | ||
| 单 册: | ||
| 中图分类: | G613.2 | |
| 科图分类: | ||
| 主题词: | 英语--ying yu--阅读教学--学前教育--教学参考资料 | |
| 电子资源: | ||
| ISBN: | 978-7-5459-1475-7 | |
| 000 | 00902nam0 2200229 450 | |
| 001 | 0109110013 | |
| 005 | 20201109110331.0 | |
| 010 | @a978-7-5459-1475-7@dCNY52.00 | |
| 100 | @a20180913d2018 em y0chiy50 ea | |
| 101 | 0 | @achi@aeng |
| 102 | @aCN@b350000 | |
| 105 | @aa z 000yy | |
| 106 | @ar | |
| 200 | 1 | @a玩绘本,学英语@Awan hui ben,xue ying yu@e妈妈都要会的亲子阅读法@f刘娜著 |
| 210 | @a厦门@c鹭江出版社@d2018.08 | |
| 215 | @a303页@c彩图@d21cm | |
| 330 | @a本书作者总结多年英文绘本阅读和研究工作的经验,从理论和实践两方面给出方法。理论篇主要分享了亲子共读英文绘本的意义以及如何在家中开展英文绘本亲子共读;实践篇则分8章,呈现了16个具体阅读案例,包括童谣绘本、故事绘本、初级章节绘本和科普绘本。 | |
| 606 | 0 | @a英语@Aying yu@x阅读教学@x学前教育@j教学参考资料 |
| 690 | @aG613.2@v5 | |
| 701 | 0 | @a刘娜@Aliu na@c(女)@4著 |
| 801 | 0 | @aCN@bBJSZM@c20201103 |
| 905 | @b1263296-300@dG613.2@e1406@f5 | |
| 玩绘本,学英语:妈妈都要会的亲子阅读法/刘娜著.-厦门:鹭江出版社,2018.08 |
| 303页:彩图;21cm |
| ISBN 978-7-5459-1475-7:CNY52.00 |
| 本书作者总结多年英文绘本阅读和研究工作的经验,从理论和实践两方面给出方法。理论篇主要分享了亲子共读英文绘本的意义以及如何在家中开展英文绘本亲子共读;实践篇则分8章,呈现了16个具体阅读案例,包括童谣绘本、故事绘本、初级章节绘本和科普绘本。 |
| ● |
| 相关链接 |
|
|
|
|
正题名:玩绘本,学英语
索取号:G613.2/1406
 
预约/预借
| 序号 | 登录号 | 条形码 | 馆藏地/架位号 | 状态 | 备注 |
| 1 | 1263296 | 212632962 | 第一样本阅览室/ [索取号:G613.2/1406] | 在馆 | |
| 2 | 1263297 | 212632971 | 教育系资料室/ [索取号:G613.2/1406] | 在馆 | |
| 3 | 1263298 | 212632980 | 教育系资料室/ [索取号:G613.2/1406] | 在馆 | |
| 4 | 1263299 | 212632999 | 第四借阅区/ [索取号:G613.2/1406] | 在馆 | |
| 5 | 1263300 | 212633006 | 第四借阅区/ [索取号:G613.2/1406] | 在馆 |